Frosty the snow man : (Record no. 9279)

MARC details
000 -LEADER
fixed length control field 00951nam a22002777a 4500
001 - CONTROL NUMBER
control field 9279
003 - CONTROL NUMBER IDENTIFIER
control field FISKH
005 - DATE AND TIME OF LATEST TRANSACTION
control field 20251209084552.0
008 - FIXED-LENGTH DATA ELEMENTS--GENERAL INFORMATION
fixed length control field 251209b cb ||||| |||| 00| 0 eng d
040 ## - CATALOGING SOURCE
Original cataloging agency FISKH
Language of cataloging eng
Transcribing agency FISKH
Modifying agency FISKH
050 ## - LIBRARY OF CONGRESS CALL NUMBER
Classification number PZ7.W3274 F
082 ## - DEWEY DECIMAL CLASSIFICATION NUMBER
Classification number 508.2
100 ## - MAIN ENTRY--PERSONAL NAME
Personal name Watson, Jane Werner
Relator term Author
245 ## - TITLE STATEMENT
Title Frosty the snow man :
Remainder of title Little golden book /
Statement of responsibility, etc. Adapted from the song of the same name ; Retold by Annie North Bedford ; Pictures by Corinne Malvern
260 ## - PUBLICATION, DISTRIBUTION, ETC.
Place of publication, distribution, etc. Wisconsin :
Name of publisher, distributor, etc. Golden Press ;
Date of publication, distribution, etc. 1950
300 ## - PHYSICAL DESCRIPTION
Extent 22 unnumbered pages :
Other physical details color illustrations ;
Dimensions 20 cm
505 ## - FORMATTED CONTENTS NOTE
Formatted contents note J<br/>
520 ## - SUMMARY, ETC.
Summary, etc. The children create Frosty the Snow Man and have great fun with him in the snow.
521 8# - TARGET AUDIENCE NOTE
Target audience note 450<br/>
Source Lexile estimate<br/>
521 8# - TARGET AUDIENCE NOTE
Target audience note J<br/>
Source Raz-Plus<br/>
650 ## - SUBJECT ADDED ENTRY--TOPICAL TERM
Topical term or geographic name entry element Children's literature
Form subdivision Christmas
650 ## - SUBJECT ADDED ENTRY--TOPICAL TERM
Topical term or geographic name entry element Winter
Form subdivision Frosty
700 ## - ADDED ENTRY--PERSONAL NAME
Personal name Malvern, Corinne
Relator term Illustrator
942 ## - ADDED ENTRY ELEMENTS (KOHA)
Source of classification or shelving scheme Dewey Decimal Classification
Koha item type Books
Suppress in OPAC No
Holdings
Withdrawn status Lost status Source of classification or shelving scheme Damaged status Not for loan Collection Home library Current library Shelving location Date acquired Total Checkouts Full call number Barcode Date last seen Copy number Price effective from Koha item type
    Dewey Decimal Classification     Juvenile Fiction Footprints International School Library Network Toul Tom Poung Campus Footprints International School Library Network Toul Tom Poung Campus TTP Primary Dark Blue Bookshelves 12/09/2025   WAT 508.2 PZ7.W3274 F FISBK00199 12/09/2025 1 12/09/2025 Books